<?xml version="1.0" encoding="UTF-8"?><?xml-stylesheet type="text/xsl" href="static/style.xsl"?><OAI-PMH xmlns="http://www.openarchives.org/OAI/2.0/" xmlns:xsi="http://www.w3.org/2001/XMLSchema-instance" xsi:schemaLocation="http://www.openarchives.org/OAI/2.0/ http://www.openarchives.org/OAI/2.0/OAI-PMH.xsd"><responseDate>2026-04-14T05:25:39Z</responseDate><request verb="GetRecord" identifier="oai:www.recercat.cat:2445/55063" metadataPrefix="marc">https://recercat.cat/oai/request</request><GetRecord><record><header><identifier>oai:recercat.cat:2445/55063</identifier><datestamp>2025-11-19T10:41:35Z</datestamp><setSpec>com_2072_1057</setSpec><setSpec>col_2072_478815</setSpec><setSpec>col_2072_478917</setSpec></header><metadata><record xmlns="http://www.loc.gov/MARC21/slim" xmlns:dcterms="http://purl.org/dc/terms/" xmlns:xsi="http://www.w3.org/2001/XMLSchema-instance" xmlns:doc="http://www.lyncode.com/xoai" xsi:schemaLocation="http://www.loc.gov/MARC21/slim http://www.loc.gov/standards/marcxml/schema/MARC21slim.xsd">
   <leader>00925njm 22002777a 4500</leader>
   <datafield ind2=" " ind1=" " tag="042">
      <subfield code="a">dc</subfield>
   </datafield>
   <datafield ind2=" " ind1=" " tag="720">
      <subfield code="a">Aparicio Pelegrín, R. M. (Rosa Maria)</subfield>
      <subfield code="e">author</subfield>
   </datafield>
   <datafield ind2=" " ind1=" " tag="720">
      <subfield code="a">Viscasillas Clerch, Anna</subfield>
      <subfield code="e">author</subfield>
   </datafield>
   <datafield ind2=" " ind1=" " tag="720">
      <subfield code="a">García Montoya, Encarna</subfield>
      <subfield code="e">author</subfield>
   </datafield>
   <datafield ind2=" " ind1=" " tag="720">
      <subfield code="a">Pérez Lozano, Pilar</subfield>
      <subfield code="e">author</subfield>
   </datafield>
   <datafield ind2=" " ind1=" " tag="720">
      <subfield code="a">Miñarro Carmona, Montserrat</subfield>
      <subfield code="e">author</subfield>
   </datafield>
   <datafield ind2=" " ind1=" " tag="720">
      <subfield code="a">Suñé i Negre, Josep M. (Josep Maria)</subfield>
      <subfield code="e">author</subfield>
   </datafield>
   <datafield ind2=" " ind1=" " tag="720">
      <subfield code="a">Ticó Grau, Josep R.</subfield>
      <subfield code="e">author</subfield>
   </datafield>
   <datafield ind2=" " ind1=" " tag="720">
      <subfield code="a">Aróztegui Trenchs, Montserrat</subfield>
      <subfield code="e">author</subfield>
   </datafield>
   <datafield ind2=" " ind1=" " tag="720">
      <subfield code="a">Arbé Rocabert, Coloma</subfield>
      <subfield code="e">author</subfield>
   </datafield>
   <datafield ind2=" " ind1=" " tag="720">
      <subfield code="a">Halbaut, Lyda</subfield>
      <subfield code="e">author</subfield>
   </datafield>
   <datafield ind2=" " ind1=" " tag="260">
      <subfield code="c">2014-06-16T17:10:04Z</subfield>
   </datafield>
   <datafield ind2=" " ind1=" " tag="260">
      <subfield code="c">2014-06-16T17:10:04Z</subfield>
   </datafield>
   <datafield ind2=" " ind1=" " tag="260">
      <subfield code="c">2008</subfield>
   </datafield>
   <datafield ind2=" " ind1=" " tag="260">
      <subfield code="c">2014-06-16T17:10:04Z</subfield>
   </datafield>
   <datafield ind2=" " ind1=" " tag="520">
      <subfield code="a">[eng] An observable study on the behaviour in the laboratory of Pharmaceutical Technology II (pharmaceutical pilot plant), with two groups of students of 3rd course (proactive aptitude and valuation of the"knowledge to do acquired") is carried out. The variable between groups is that one has realised a training (by means of self-study of an interactive application multimedia, especially designed), without tutorship on behalf the teacher in front of the other group that carried out the same training with the same material but with the guide of the teacher in the computer lab. On the one hand it is valued if there is some effect differentiator between both types of training, by means of the accounting of the correct results obtained in a previous test to the entrance in the pilot plant and by another one the valuation that the professors made responsible for the groups of practices in situ. The results demonstrate the previous hypothesis that there must not be significant differences between the groups, beyond the inherent ones to personality of the students itself (interest and personal implication by the subject). On the other hand the test for the observation in the laboratory did not facilitate the distinction of objective differences. [spa] Se lleva a cabo un estudio observacional sobre el comportamiento de los estudiantes (aptitud pro-activa y valoración del “saber hacer adquirido”) en el laboratorio de Tecnología Farmacéutica II (planta piloto farmacéutica) de dos grupos de estudiantes de 3er curso. La variable entre los dos grupos es que uno ha realizado una formación no presencial (mediante el autoestudio de una aplicación interactiva multimedia, especialmente diseñada), sin tutoría por parte del profesor, frente al otro grupo que llevó a cabo la misma formación con el mismo material pero con la guía del profesor en el aula de informática. Por una parte se valora si hay algún efecto diferenciador entre ambos tipos de formación, mediante la contabilización de los resultados correctos obtenidos en un test previo a la entrada en la planta piloto y por otro la valoración que hicieron los profesores responsables de los grupos de prácticas in situ. Los resultados demuestran la hipótesis previa de que no debían existir diferencias significativas entre los grupos, más allá de las inherentes a la propia personalidad de los estudiantes (interés e implicación personal por el tema). Por otra parte el test para la observación en el laboratorio no facilitó la distinción de diferencias objetivas.</subfield>
   </datafield>
   <datafield tag="653" ind2=" " ind1=" ">
      <subfield code="a">Aprenentatge electrònic</subfield>
   </datafield>
   <datafield tag="653" ind2=" " ind1=" ">
      <subfield code="a">Didàctica</subfield>
   </datafield>
   <datafield tag="653" ind2=" " ind1=" ">
      <subfield code="a">Educació superior</subfield>
   </datafield>
   <datafield tag="653" ind2=" " ind1=" ">
      <subfield code="a">Web-based instruction</subfield>
   </datafield>
   <datafield tag="653" ind2=" " ind1=" ">
      <subfield code="a">Teaching methods</subfield>
   </datafield>
   <datafield tag="653" ind2=" " ind1=" ">
      <subfield code="a">Higher education</subfield>
   </datafield>
   <datafield ind2="0" ind1="0" tag="245">
      <subfield code="a">Valoración experiencial del aprendizaje tras formación virtual.</subfield>
   </datafield>
</record></metadata></record></GetRecord></OAI-PMH>